000 00922nam a2200349 a 4500
003 AR-BaBNM
005 20251128210702.0
008 082120s2002 ||||||||||||||000 | spa||
020 _a84-01-45933-8
040 _cAR-BaBNM
100 1 _aToffler, Alvin
245 0 0 _aEl cambio del poder
250 _a2ª ed.
260 _aBarcelona
_bPlaza & Janés Editores
_c1994
300 _a618 p.
490 0 _aTribuna. Biblioteca de Alvin Toffler
_vv. 106/4
500 _aContiene referencias bibliográficas
500 _aIndice onomástico y de materias
650 4 _aSOCIOLOGIA ECONOMICA
650 4 _aSOCIOLOGIA POLITICA
650 4 _aEMPRESAS
650 4 _aECONOMIA
650 4 _aCAMBIO SOCIAL
650 4 _aIDEOLOGIAS
650 4 _aSOCIALISMO
650 4 _aGEOPOLITICA
650 4 _aPODER
653 _aGLOBALIZACION
700 1 _aAparicio, Rafael
_etraductor
942 _cBK
998 _cMARTIN
999 _c16439
_d16439